000 00800nam a2200289Ia 4500
005 20260324114907.0
008 008 260324s9999 xx 000 0 eng d
020 _a9780429444562
037 _aEBOOK
040 _aCRL
040 _beng
040 _cCRL
041 _2eng
041 _aeng
084 _qCRL
100 _aFord Lumban Gaol; Fonny Hutagalung; Chew Fong Peng
_91152564
245 4 _aThe Social Sciences Empowered
245 0 _bProceedings of the 7th International Congress on Interdisciplinary Behavior and Social Sciences 2018 (ICIBSoS 2018)
260 _bTaylor and Francis
260 _c2020
365 _a
365 _b275
856 _uhttp://www.taylorfrancis.com/books/9780429444562
942 _cEBOOK
999 _c1743034
_d1743034